Statistics for 高速2倍かけ算

Click here to take the quiz!

General Stats

  • This quiz has been taken 251 times
  • The average score is 16 of 20

Answer Stats

数字解答% Correct
510
100%
5001000
100%
5011002
100%
5021004
100%
5041008
100%
5051010
100%
5081016
100%
5131026
100%
5161032
100%
5191038
100%
5211042
100%
5221044
100%
5231046
100%
5261052
100%
5281056
100%
5291058
100%
53106
100%
5331066
100%
5341068
100%
5391078
100%
54108
100%
5401080
100%
5411082
100%
5431086
100%
5441088
100%
5471094
100%
5481096
100%
5491098
100%
55110
100%
5501100
100%
5511102
100%
5521104
100%
5531106
100%
5551110
100%
5581116
100%
56112
100%
5601120
100%
5631126
100%
5701140
100%
5751150
100%
5761152
100%
5771154
100%
58116
100%
5811162
100%
5841168
100%
5851170
100%
5911182
100%
5921184
100%
5941188
100%
5961192
100%
5971194
100%
5981196
100%
612
100%
60120
100%
6001200
100%
6031206
100%
6061212
100%
6071214
100%
6081216
100%
6091218
100%
61122
100%
6111222
100%
6141228
100%
6151230
100%
6161232
100%
6171234
100%
6181236
100%
6201240
100%
6211242
100%
6221244
100%
6231246
100%
6261252
100%
6271254
100%
6291258
100%
63126
100%
6301260
100%
6321264
100%
6341268
100%
6361272
100%
6401280
100%
6441288
100%
6451290
100%
6481296
100%
65130
100%
6501300
100%
6511302
100%
6521304
100%
6551310
100%
6601320
100%
6621324
100%
6631326
100%
6641328
100%
6661332
100%
6681336
100%
6701340
100%
6721344
100%
6741348
100%
6761352
100%
6771354
100%
6801360
100%
6811362
100%
6831366
100%
6851370
100%
6861372
100%
6891378
100%
69138
100%
6901380
100%
714
100%
70140
100%
7001400
100%
7011402
100%
7021404
100%
7041408
100%
7051410
100%
7061412
100%
7071414
100%
7081416
100%
7091418
100%
71142
100%
7101420
100%
7111422
100%
7121424
100%
7131426
100%
7141428
100%
7151430
100%
7161432
100%
7171434
100%
7181436
100%
7191438
100%
7241448
100%
7261452
100%
7291458
100%
73146
100%
7311462
100%
7331466
100%
7341468
100%
7361472
100%
7371474
100%
74148
100%
7421484
100%
7481496
100%
7491498
100%
75150
100%
7501500
100%
7521504
100%
7531506
100%
7541508
100%
7551510
100%
7581516
100%
7591518
100%
76152
100%
7621524
100%
7631526
100%
7641528
100%
7661532
100%
7671534
100%
7741548
100%
7761552
100%
7781556
100%
7801560
100%
7851570
100%
7861572
100%
7881576
100%
7891578
100%
79158
100%
7901580
100%
7911582
100%
7921584
100%
7931586
100%
7981596
100%
7991598
100%
816
100%
80160
100%
8001600
100%
8011602
100%
8041608
100%
8051610
100%
8071614
100%
81162
100%
8101620
100%
8121624
100%
8131626
100%
8141628
100%
8151630
100%
82164
100%
8201640
100%
8231646
100%
8241648
100%
8261652
100%
8281656
100%
8301660
100%
8311662
100%
8341668
100%
8381676
100%
8391678
100%
8401680
100%
8411682
100%
8431686
100%
8441688
100%
8451690
100%
8471694
100%
85170
100%
8501700
100%
8511702
100%
8521704
100%
8551710
100%
8561712
100%
8581716
100%
8591718
100%
86172
100%
8611722
100%
8621724
100%
8641728
100%
8661732
100%
8671734
100%
8691738
100%
8741748
100%
8751750
100%
8761752
100%
8791758
100%
88176
100%
89178
100%
8921784
100%
8951790
100%
8961792
100%
8981796
100%
8991798
100%
918
100%
90180
100%
9001800
100%
9011802
100%
9021804
100%
9061812
100%
9081816
100%
9091818
100%
9111822
100%
9191838
100%
92184
100%
9241848
100%
9251850
100%
93186
100%
9301860
100%
9311862
100%
9321864
100%
9341868
100%
9361872
100%
9381876
100%
9401880
100%
9411882
100%
9421884
100%
9431886
100%
9481896
100%
95190
100%
9501900
100%
9511902
100%
96192
100%
9611922
100%
9631926
100%
9651930
100%
9661932
100%
9681936
100%
97194
100%
9741948
100%
98196
100%
9811962
100%
9821964
100%
9841968
100%
9851970
100%
99198
100%
9901980
100%
9931986
100%
1020
100%
100200
100%
102204
100%
103206
100%
105210
100%
107214
100%
108216
100%
1122
100%
110220
100%
111222
100%
112224
100%
114228
100%
1224
100%
121242
100%
122244
100%
124248
100%
126252
100%
127254
100%
130260
100%
132264
100%
134268
100%
136272
100%
137274
100%
138276
100%
1428
100%
145290
100%
149298
100%
150300
100%
152304
100%
153306
100%
154308
100%
155310
100%
157314
100%
159318
100%
162324
100%
166332
100%
169338
100%
1734
100%
170340
100%
172344
100%
173346
100%
174348
100%
177354
100%
178356
100%
179358
100%
180360
100%
182364
100%
185370
100%
186372
100%
187374
100%
1938
100%
190380
100%
192384
100%
194388
100%
200400
100%
201402
100%
202404
100%
207414
100%
209418
100%
2142
100%
210420
100%
211422
100%
212424
100%
213426
100%
219438
100%
2244
100%
220440
100%
221442
100%
222444
100%
225450
100%
228456
100%
231462
100%
232464
100%
236472
100%
2448
100%
240480
100%
241482
100%
243486
100%
247494
100%
249498
100%
2550
100%
250500
100%
251502
100%
252504
100%
253506
100%
254508
100%
256512
100%
258516
100%
259518
100%
260520
100%
264528
100%
265530
100%
266532
100%
2754
100%
270540
100%
273546
100%
278556
100%
280560
100%
281562
100%
284568
100%
285570
100%
288576
100%
292584
100%
293586
100%
296592
100%
297594
100%
298596
100%
299598
100%
300600
100%
301602
100%
302604
100%
303606
100%
309618
100%
3162
100%
311622
100%
312624
100%
313626
100%
315630
100%
316632
100%
3264
100%
322644
100%
324648
100%
325650
100%
326652
100%
3366
100%
331662
100%
332664
100%
335670
100%
3468
100%
340680
100%
341682
100%
343686
100%
346692
100%
348696
100%
349698
100%
351702
100%
352704
100%
358716
100%
359718
100%
361722
100%
362724
100%
369738
100%
370740
100%
372744
100%
377754
100%
379758
100%
3876
100%
384768
100%
387774
100%
388776
100%
3978
100%
390780
100%
391782
100%
393786
100%
394788
100%
395790
100%
4080
100%
401802
100%
402804
100%
404808
100%
407814
100%
408816
100%
4182
100%
412824
100%
415830
100%
418836
100%
419838
100%
4284
100%
420840
100%
421842
100%
423846
100%
425850
100%
427854
100%
4386
100%
431862
100%
434868
100%
435870
100%
436872
100%
437874
100%
439878
100%
4488
100%
442884
100%
443886
100%
444888
100%
447894
100%
448896
100%
4590
100%
450900
100%
451902
100%
453906
100%
455910
100%
458916
100%
459918
100%
464928
100%
465930
100%
466932
100%
467934
100%
4794
100%
470940
100%
473946
100%
476952
100%
479958
100%
4896
100%
480960
100%
481962
100%
487974
100%
494988
100%
5091018
89%
6381276
88%
6461292
88%
7681536
88%
411822
88%
438876
88%
9671934
86%
1632
86%
230460
86%
468936
86%
5061012
83%
5141028
83%
52104
83%
5241048
83%
6011202
83%
6371274
83%
8881776
83%
9031806
83%
94188
83%
9711942
83%
128256
83%
133266
83%
167334
83%
271542
83%
289578
83%
323646
83%
469938
83%
5271054
80%
5311062
80%
5591118
80%
5651130
80%
5691138
80%
6131226
80%
68136
80%
7271454
80%
7731546
80%
7771554
80%
8031606
80%
8111622
80%
84168
80%
8651730
80%
9201840
80%
9691938
80%
9771954
80%
118236
80%
142284
80%
176352
80%
204408
80%
217434
80%
276552
80%
308616
80%
317634
80%
328656
80%
337674
80%
339678
80%
347694
80%
360720
80%
399798
80%
416832
80%
432864
80%
474948
80%
477954
80%
9621924
78%
5031006
75%
5101020
75%
5361072
75%
5371074
75%
5571114
75%
5621124
75%
5791158
75%
59118
75%
5931186
75%
6021204
75%
6041208
75%
6351270
75%
6411282
75%
6531306
75%
6561312
75%
6731346
75%
7431486
75%
7471494
75%
7701540
75%
7951590
75%
8091618
75%
8181636
75%
83166
75%
8541708
75%
8811762
75%
8851770
75%
8871774
75%
8901780
75%
8941788
75%
9101820
75%
9161832
75%
9221844
75%
9351870
75%
9371874
75%
9391878
75%
9441888
75%
9751950
75%
9831966
75%
104208
75%
1326
75%
135270
75%
143286
75%
144288
75%
168336
75%
181362
75%
184368
75%
189378
75%
196392
75%
203406
75%
214428
75%
223446
75%
226452
75%
235470
75%
237474
75%
238476
75%
244488
75%
257514
75%
267534
75%
269538
75%
272544
75%
275550
75%
286572
75%
318636
75%
327654
75%
330660
75%
334668
75%
342684
75%
354708
75%
3774
75%
376752
75%
382764
75%
392784
75%
414828
75%
430860
75%
440880
75%
445890
75%
4692
75%
461922
75%
462924
75%
485970
75%
488976
75%
489978
75%
496992
75%
6791358
71%
8891778
71%
9881976
71%
109218
71%
165330
71%
239478
71%
499998
71%
50100
67%
5181036
67%
5301060
67%
5321064
67%
5381076
67%
5611122
67%
5641128
67%
5711142
67%
5781156
67%
5861172
67%
5871174
67%
5881176
67%
5891178
67%
6191238
67%
6281256
67%
6311262
67%
67134
67%
6751350
67%
6871374
67%
6881376
67%
6941388
67%
6951390
67%
6961392
67%
6971394
67%
7221444
67%
7231446
67%
7281456
67%
7301460
67%
7411482
67%
7791558
67%
78156
67%
7821564
67%
7871574
67%
7941588
67%
8061612
67%
8081616
67%
8421684
67%
8601720
67%
8681736
67%
87174
67%
9041808
67%
9071814
67%
9261852
67%
9451890
67%
9541908
67%
9551910
67%
9601920
67%
9641928
67%
9871974
67%
125250
67%
139278
67%
140280
67%
146292
67%
148296
67%
156312
67%
193386
67%
2040
67%
208416
67%
216432
67%
248496
67%
2652
67%
277554
67%
2958
67%
291582
67%
294588
67%
3060
67%
305610
67%
306612
67%
307614
67%
333666
67%
344688
67%
3570
67%
350700
67%
356712
67%
366732
67%
383766
67%
400800
67%
403806
67%
413826
67%
424848
67%
456912
67%
460920
67%
490980
67%
493986
67%
6121224
60%
6981396
60%
7601520
60%
8291658
60%
8531706
60%
8711742
60%
9561912
60%
9781956
60%
9891978
60%
158316
60%
2346
60%
255510
60%
295590
60%
368736
60%
396792
60%
397794
60%
9531906
57%
9731946
56%
5121024
50%
5151030
50%
5171034
50%
5351070
50%
5421084
50%
5451090
50%
5661132
50%
5671134
50%
5681136
50%
57114
50%
5721144
50%
5731146
50%
5801160
50%
5831166
50%
5901180
50%
5951190
50%
5991198
50%
6051210
50%
62124
50%
6541308
50%
6611322
50%
6711342
50%
6821364
50%
6841368
50%
6931386
50%
7201440
50%
7251450
50%
7321464
50%
7451490
50%
7511502
50%
7651530
50%
77154
50%
7711542
50%
7721544
50%
7751550
50%
7841568
50%
8161632
50%
8171634
50%
8211642
50%
8271654
50%
8331666
50%
8351670
50%
8361672
50%
8721744
50%
8731746
50%
8781756
50%
8861772
50%
8911782
50%
8971794
50%
9131826
50%
9141828
50%
9151830
50%
9171834
50%
9211842
50%
9271854
50%
9461892
50%
9471894
50%
9491898
50%
9521904
50%
9581916
50%
9721944
50%
9801960
50%
9861972
50%
106212
50%
119238
50%
120240
50%
147294
50%
1530
50%
160320
50%
164328
50%
175350
50%
1836
50%
191382
50%
195390
50%
199398
50%
205410
50%
206412
50%
215430
50%
218436
50%
224448
50%
229458
50%
234468
50%
246492
50%
262524
50%
263526
50%
268536
50%
274548
50%
282564
50%
283566
50%
310620
50%
314628
50%
321642
50%
336672
50%
338676
50%
3672
50%
373746
50%
378756
50%
380760
50%
381762
50%
389778
50%
398796
50%
409818
50%
422844
50%
433866
50%
441882
50%
471942
50%
472944
50%
478956
50%
482964
50%
484968
50%
491982
50%
495990
50%
497994
50%
5561112
40%
6251250
40%
6571314
40%
8021604
40%
8461692
40%
198396
40%
483966
40%
5251050
33%
6331266
33%
6431286
33%
6581316
33%
6921384
33%
7211442
33%
7351470
33%
7381476
33%
8191638
33%
8221644
33%
8321664
33%
8371674
33%
8701740
33%
8841768
33%
8931786
33%
9051810
33%
9921984
33%
115230
33%
151302
33%
227454
33%
279558
33%
287574
33%
345690
33%
353706
33%
365730
33%
371742
33%
375750
33%
417834
33%
463926
33%
475950
33%
4998
33%
9911982
25%
429858
25%
7691538
20%
7831566
20%
9331866
20%
446892
20%
5071014
0%
51102
0%
5111022
0%
5201040
0%
5461092
0%
5541108
0%
5741148
0%
5821164
0%
6101220
0%
6241248
0%
6391278
0%
64128
0%
6421284
0%
6471294
0%
6491298
0%
6591318
0%
66132
0%
6651330
0%
6671334
0%
6691338
0%
6781356
0%
6911382
0%
6991398
0%
7031406
0%
72144
0%
7391478
0%
7401480
0%
7441488
0%
7461492
0%
7561512
0%
7571514
0%
7611522
0%
7811562
0%
7961592
0%
7971594
0%
8251650
0%
8481696
0%
8491698
0%
8571714
0%
8631726
0%
8771754
0%
8801760
0%
8821764
0%
8831766
0%
91182
0%
9121824
0%
9181836
0%
9231846
0%
9281856
0%
9291858
0%
9571914
0%
9591918
0%
9701940
0%
9761952
0%
9791958
0%
9941988
0%
101202
0%
113226
0%
116232
0%
117234
0%
123246
0%
129258
0%
131262
0%
141282
0%
161322
0%
163326
0%
171342
0%
183366
0%
188376
0%
197394
0%
233466
0%
242484
0%
245490
0%
261522
0%
2856
0%
290580
0%
304608
0%
319638
0%
320640
0%
329658
0%
355710
0%
357714
0%
363726
0%
364728
0%
367734
0%
374748
0%
385770
0%
386772
0%
405810
0%
406812
0%
410820
0%
426852
0%
428856
0%
449898
0%
452904
0%
454908
0%
457914
0%
486972
0%
492984
0%
498996
0%

Score Distribution

Percentile by Number Answered

Percent of People with Each Score

Your Score History

You have not taken this quiz